[Event "15th LCC Super Rapid 2025"]
[Site "London ENG"]
[Date "2025.12.07"]
[Round "6.42"]
[White "Dishman, Stephen"]
[Black "Smith, Ryan M"]
[Result "1-0"]
[WhiteTitle "FM"]
[WhiteElo "2239"]
[BlackElo "1849"]
[WhiteFideId "403024"]
[BlackFideId "463175"]
[EventDate "2025.12.06"]

1. Nf3 d5 2. c4 e6 3. g3 Nf6 4. Bg2 Be7 5. O-O O-O 6. d4 dxc4 7. Qc2 c6 8. Qxc4
b5 9. Qc2 Bb7 10. Rd1 Nbd7 11. Ne5 Nxe5 12. dxe5 Nd5 13. Nc3 Qc8 14. Ne4 c5 15.
a3 Rd8 16. Bg5 f6 17. exf6 gxf6 18. Bh4 Qc7 19. Bh3 f5 20. Bxe7 Qxe7 21. Nxc5
Rac8 22. b4 Nf6 23. Rxd8+ Rxd8 24. Nxb7 Qxb7 25. Rc1 a6 26. Bg2 Qd7 27. Bf3 e5
28. Bc6 Qe6 29. Bb7 Nd5 30. Qc6 Rd6 31. Qc8+ Qxc8 32. Rxc8+ Kf7 33. Bxd5+ Rxd5
34. Rc6 e4 35. Rxa6 Rd1+ 36. Kg2 Ra1 37. f4 Ra2 38. Kf2 h5 39. Ra5 Kg6 40. Rxb5
Rxa3 41. Rb6+ Kg7 42. Rb8 h4 43. b5 hxg3+ 44. hxg3 Rb3 45. b6 Kf7 46. b7 Kg7 47.
Ke1 Rb1+ 48. Kd2 Rb2+ 49. Kc1 Rb6 50. Kc2 Rb5 51. Kc3 Kh7 52. Kc4 Rb1 53. Kc5
Kg7 54. Kc6 Rc1+ 55. Kd6 Rb1 56. Ke6 Rb5 57. e3 Kh7 58. Kf6 1-0

[Event "15th LCC Super Rapid 2025"]
[Site "London ENG"]
[Date "2025.12.07"]
[Round "6.43"]
[White "Patel, Zain"]
[Black "Mirzoeva, Elmira"]
[Result "1/2-1/2"]
[BlackTitle "WGM"]
[WhiteElo "2033"]
[BlackElo "2298"]
[WhiteFideId "469246"]
[BlackFideId "4127951"]
[EventDate "2025.12.06"]

1. Nf3 g6 2. g3 Bg7 3. Bg2 e5 4. d3 d5 5. O-O Ne7 6. Nbd2 O-O 7. Rb1 f5 8. e4
Nbc6 9. b3 h6 10. Bb2 fxe4 11. dxe4 d4 12. c3 Bg4 13. h3 Be6 14. cxd4 exd4 15.
Nc4 Qd7 16. a3 b5 17. Ncd2 Bxh3 18. b4 Bg4 19. Qb3+ Kh7 20. Qd3 a6 21. Rfe1 Rad8
22. Rbc1 Rf7 23. e5 Rdf8 24. Qb3 Be6 25. Qc2 Bd5 26. Qd3 Qf5 27. Qxf5 Rxf5 28.
Nxd4 Rxf2 29. Bxd5 Nxd4 30. Bxd4 Rxd2 31. Bc5 Rxd5 32. Bxe7 Rf7 33. Bf6 Bxf6 34.
exf6 g5 35. Re7 Rd7 36. Rxd7 Rxd7 37. Rc6 Kg6 38. Rxa6 Rd6 39. Ra7 Rd3 40. Kf2
Kxf6 41. Rxc7 Rxa3 42. Rc5 h5 43. Rxb5 Rb3 44. Kg2 Kg6 45. Kf2 g4 46. Rb6+ Kg5
47. Rb5+ Kg6 48. Rb6+ Kf5 49. Rb8 Rf3+ 50. Kg2 Rb3 51. Kf2 Rf3+ 52. Kg2 Rb3 53.
Kf2 Rb2+ 54. Ke3 Rb3+ 1/2-1/2

[Event "15th LCC Super Rapid 2025"]
[Site "London ENG"]
[Date "2025.12.07"]
[Round "6.44"]
[White "Sommerbauer-Cornell, Ben"]
[Black "Stoyanov, Viktor"]
[Result "0-1"]
[BlackTitle "FM"]
[WhiteElo "1985"]
[BlackElo "2239"]
[WhiteFideId "494712"]
[BlackFideId "450308"]
[EventDate "2025.12.06"]

1. e4 c5 2. d4 cxd4 3. c3 e5 4. Nf3 Nc6 5. cxd4 exd4 6. Nxd4 Nf6 7. Nxc6 dxc6 8.
Qxd8+ Kxd8 9. Bd3 Bb4+ 10. Nc3 Re8 11. f3 Be6 12. Be3 Nd7 13. Kf2 Ne5 14. Rhd1
Ke7 15. a3 Bd6 16. Be2 f6 17. b4 Nc4 18. Bc5 Bxc5+ 19. bxc5 b6 20. Na4 b5 21.
Nc3 Na5 22. Rab1 Red8 23. a4 a6 24. axb5 axb5 25. Bd3 Nb3 26. e5 Nxc5 27. exf6+
gxf6 28. Bxh7 f5 29. Re1 Nd3+ 30. Kg1 Nxe1 31. Rxe1 Kf6 32. g4 fxg4 33. Ne4+ Kg7
34. Ng5 Re8 35. Be4 Bd5 0-1

[Event "15th LCC Super Rapid 2025"]
[Site "London ENG"]
[Date "2025.12.07"]
[Round "6.45"]
[White "Verbytski, Oleg"]
[Black "Dupuis, Denis K"]
[Result "0-1"]
[WhiteElo "2092"]
[BlackElo "2005"]
[WhiteFideId "495506"]
[BlackFideId "452980"]
[EventDate "2025.12.06"]

1. e4 c6 2. d4 d5 3. exd5 cxd5 4. c4 Nf6 5. Nc3 Nc6 6. Nf3 Bg4 7. cxd5 Nxd5 8.
Qb3 Bxf3 9. gxf3 e6 10. Qxb7 Nxd4 11. Bb5+ Nxb5 12. Qc6+ Ke7 13. Qc5+ Nd6 14.
Nxd5+ Kd7 15. Nc3 Qb6 16. Qh5 g6 17. Qe5 Rg8 18. O-O Bg7 19. Qf4 Rgd8 20. Ne4
Nf5 21. Be3 Qxb2 22. Nc5+ Ke8 23. Rab1 Qxa2 24. Rb7 e5 25. Qb4 a5 26. Qb5+ Kf8
27. Bg5 Nd4 28. Nd7+ Kg8 29. Qd3 Qd5 30. Kg2 Rxd7 31. Rxd7 Qxd7 32. Rb1 Qf5 0-1

[Event "15th LCC Super Rapid 2025"]
[Site "London ENG"]
[Date "2025.12.07"]
[Round "6.46"]
[White "Jain, Gautam"]
[Black "Bhattacharjee, Sourav"]
[Result "1/2-1/2"]
[WhiteElo "1988"]
[BlackElo "2167"]
[WhiteFideId "425311"]
[BlackFideId "1048090"]
[EventDate "2025.12.06"]

1. e4 d6 2. Nc3 Nf6 3. f4 c5 4. Nf3 Nc6 5. Bc4 e6 6. d3 Be7 7. O-O d5 8. Bb3
dxe4 9. dxe4 Nd4 10. Nxd4 cxd4 11. Ba4+ Kf8 12. Ne2 Nxe4 13. Nxd4 Bd7 14. c3
Bxa4 15. Qxa4 Bc5 16. Be3 Bxd4 17. Bxd4 f5 18. Rad1 Qe8 19. Qb4+ Kf7 20. Qxb7+
Qe7 21. Qxe7+ Kxe7 22. Bxg7 Rhg8 23. Be5 Rgd8 24. g3 h5 25. Rxd8 Rxd8 26. Bd4 a5
27. Kg2 Rb8 28. b3 Rc8 29. Rf3 Kd6 30. Rd3 Kc6 31. Be5 Ra8 32. Rd4 Rg8 33. Kh3
Rg4 34. a4 h4 35. Rxe4 hxg3 36. Rc4+ Kd5 37. hxg3 Rh4+ 38. Kg2 Rh2+ 39. Kg1 Rg2+
40. Kf1 Rf2+ 41. Ke1 Re2+ 42. Kd1 Rd2+ 43. Kc1 Rc2+ 44. Kd1 Rd2+ 45. Ke1 Re2+
46. Kf1 Rf2+ 47. Kxf2 1/2-1/2

[Event "15th LCC Super Rapid 2025"]
[Site "London ENG"]
[Date "2025.12.07"]
[Round "6.47"]
[White "Eggink, Mateusz"]
[Black "Mokhber-Garcia, Sebastian"]
[Result "1-0"]
[WhiteElo "2119"]
[BlackElo "1872"]
[WhiteFideId "1135490"]
[BlackFideId "499269"]
[EventDate "2025.12.06"]

1. Nf3 Nf6 2. g3 e6 3. Bg2 d5 4. O-O Be7 5. c4 O-O 6. b3 Ne4 7. Bb2 Bf6 8. Qc2
Nc6 9. d3 Bxb2 10. Qxb2 Qf6 11. Qxf6 Nxf6 12. Nc3 Ne7 13. e4 dxe4 14. dxe4 Ng6
15. e5 Ng4 16. Rfe1 Bd7 17. h3 Nh6 18. Nd4 c6 19. f4 Ne7 20. Rad1 Rfd8 21. Ne4
Nhf5 22. Nxf5 Nxf5 23. g4 Nh4 24. Nc5 Be8 25. Nxb7 Rdb8 26. Nc5 Rd8 27. Be4 Kf8
28. Kf2 h6 29. f5 exf5 30. gxf5 g5 31. f6 Rac8 32. Kg3 h5 33. a4 Rb8 34. a5 Rbc8
35. a6 Rb8 36. Nb7 Rdc8 37. Rd6 Rc7 38. Nc5 Rcc8 39. Red1 Ra8 40. R1d3 Rab8 41.
e6 fxe6 42. Nxe6+ Kg8 43. Nxg5 Ng6 44. f7+ Bxf7 45. Bxg6 Bxg6 46. Rxg6+ Kf8 47.
Rf3+ Ke7 48. Rf7+ 1-0

[Event "15th LCC Super Rapid 2025"]
[Site "London ENG"]
[Date "2025.12.07"]
[Round "6.48"]
[White "Li, Harvey"]
[Black "Zapolskis, Antanas"]
[Result "1/2-1/2"]
[BlackTitle "IM"]
[WhiteElo "1878"]
[BlackElo "2215"]
[WhiteFideId "343407790"]
[BlackFideId "12800210"]
[EventDate "2025.12.06"]

1. d4 b5 2. Nf3 Bb7 3. e3 a6 4. b3 Nf6 5. Bb2 e6 6. Nbd2 Be7 7. Bd3 O-O 8. c3 d6
9. Qc2 c5 10. dxc5 dxc5 11. c4 bxc4 12. Nxc4 Nc6 13. a3 h6 14. O-O Qc7 15. Rfd1
Rfd8 16. Rac1 Rac8 17. Bf1 Rxd1 18. Rxd1 Rd8 19. Rxd8+ Qxd8 20. h3 Na5 21. Nfd2
Nxc4 22. Nxc4 Be4 23. Qd2 Qb8 24. Na5 Bd8 25. Nc4 Be7 26. Na5 Qb6 27. Qc3 Bf8
28. Nc4 Qb8 29. f3 Nd5 30. Qd2 Bg6 31. e4 Nf6 32. Qc2 Nd5 33. Qd2 Nf6 34. Qc2 1/2-1/2

[Event "15th LCC Super Rapid 2025"]
[Site "London ENG"]
[Date "2025.12.07"]
[Round "6.49"]
[White "Sasitharan, Abhiram"]
[Black "Vaidyanathan, Adithya"]
[Result "0-1"]
[WhiteTitle "FM"]
[WhiteElo "1948"]
[BlackElo "2129"]
[WhiteFideId "11301155"]
[BlackFideId "495450"]
[EventDate "2025.12.06"]

1. d4 d5 2. c4 e6 3. Nf3 c6 4. Nc3 dxc4 5. a4 Bb4 6. Bg5 Nf6 7. Qc2 Nbd7 8. e3
b5 9. Be2 a5 10. O-O Ba6 11. Ne5 Qc7 12. f4 O-O 13. Bf3 Nd5 14. Rae1 f6 15. Nxd7
Qxd7 16. Bh4 Bxc3 17. bxc3 b4 18. Bxd5 cxd5 19. e4 b3 20. Qd2 dxe4 21. Rxe4 Bb7
22. Re3 Bd5 23. g4 Qxa4 24. f5 Rae8 25. fxe6 Rxe6 26. Rxe6 Bxe6 27. g5 fxg5 28.
Qxg5 Rxf1+ 29. Kxf1 Qa1+ 30. Be1 Qd1 31. Qd8+ Kf7 32. Qc7+ Kg6 33. h4 Qf3+ 34.
Kg1 b2 35. h5+ Kxh5 36. Qe5+ Qf5 37. Qe2+ Qg4+ 0-1

[Event "15th LCC Super Rapid 2025"]
[Site "London ENG"]
[Date "2025.12.07"]
[Round "6.50"]
[White "Shafi, Declan"]
[Black "Sagues, Vincent"]
[Result "0-1"]
[WhiteElo "2162"]
[BlackElo "1950"]
[WhiteFideId "2405156"]
[BlackFideId "625680"]
[EventDate "2025.12.06"]

1. Nf3 d5 2. g3 Nf6 3. Bg2 Bf5 4. O-O e6 5. c4 c6 6. b3 h6 7. Bb2 Be7 8. d3 O-O
9. Nbd2 Nbd7 10. Re1 Bh7 11. e4 Nc5 12. Ne5 dxe4 13. dxe4 Nfd7 14. Nxd7 Qxd7 15.
Qg4 e5 16. Qxd7 Nxd7 17. f4 f6 18. Nf3 exf4 19. gxf4 Nc5 20. Rad1 Nxe4 21. Nd4
f5 22. Ne6 Rf7 23. Re3 Bf6 24. Red3 Bg6 25. Bxf6 Rxf6 26. Nd8 Bh5 27. Re1 Nc5
28. Rd2 Rf8 29. Nxb7 Nxb7 30. Bxc6 Rab8 31. Rd7 Nd8 32. Bd5+ Bf7 33. Ree7 Rb6
34. Rxa7 Rg6+ 35. Kf2 Bxd5 36. cxd5 Rf7 37. Re8+ Rf8 38. Ree7 Rf7 39. b4 Rxe7
40. Rxe7 Rd6 41. b5 Rxd5 42. b6 Kf8 43. Ra7 Rb5 44. Ra6 Ke7 45. a4 Rb2+ 46. Ke3
Kd7 47. Ra7+ Kc6 48. a5 g5 49. Rc7+ Kd6 50. fxg5 hxg5 51. Rg7 Rb5 52. Rxg5 f4+
53. Ke4 Rxg5 54. a6 Ra5 55. b7 Nxb7 56. axb7 Ra4+ 57. Kf3 Kc7 58. h4 Kxb7 59. h5
Kc6 60. h6 Kd6 61. h7 Ra8 62. Kxf4 Rh8 0-1

[Event "15th LCC Super Rapid 2025"]
[Site "London ENG"]
[Date "2025.12.07"]
[Round "6.51"]
[White "McCarthy, Kevin C"]
[Black "Bonn, Thomas"]
[Result "0-1"]
[WhiteElo "1927"]
[BlackElo "2090"]
[WhiteFideId "470775"]
[BlackFideId "638242"]
[EventDate "2025.12.06"]

1. d4 Nf6 2. Nc3 d5 3. f3 c5 4. Bg5 Nc6 5. e3 e6 6. a3 Be7 7. Bb5 a6 8. Bxc6+
bxc6 9. Nge2 Rb8 10. Qc1 cxd4 11. Nxd4 Bd7 12. O-O c5 13. Nde2 Qb6 14. Qd2 O-O
15. Kh1 Rfd8 16. Rab1 Be8 17. Bf4 Rbc8 18. Be5 Nd7 19. Bg3 Bf6 20. b4 cxb4 21.
Rxb4 Qc6 22. Be1 Nb6 23. Nd4 Qc7 24. Rb3 Nc4 25. Qe2 g6 26. f4 Qa7 27. Bf2 Na5
28. Rfb1 Nxb3 29. Rxb3 Rc4 30. Qd2 Rdc8 31. Nce2 Ba4 32. Rc3 Qb7 33. Rxc4 Rxc4
34. c3 Qb1+ 35. Bg1 Qa1 36. g4 Qxa3 37. f5 gxf5 38. gxf5 e5 39. Nc2 Qd6 40. Nb4
Bc6 41. Ng3 d4+ 42. e4 Rxc3 43. Nxc6 Qxc6 44. Qe2 Kf8 45. Nh5 Bg5 46. Qb2 0-1

[Event "15th LCC Super Rapid 2025"]
[Site "London ENG"]
[Date "2025.12.07"]
[Round "6.52"]
[White "Lucchi, Lorenzo"]
[Black "Blake, J Morgan"]
[Result "0-1"]
[BlackTitle "CM"]
[WhiteElo "2006"]
[BlackElo "2065"]
[WhiteFideId "821160"]
[BlackFideId "423394"]
[EventDate "2025.12.06"]

1. e4 e6 2. d3 c5 3. g3 Nc6 4. Bg2 g6 5. f4 Bg7 6. Nf3 Nge7 7. e5 d5 8. exd6
Qxd6 9. Nc3 O-O 10. Ne4 Qc7 11. O-O b6 12. Ne5 Bb7 13. Qf3 Rad8 14. Bd2 Nd4 15.
Qf2 Nxc2 16. Rac1 Nd4 17. Bc3 Nb5 18. d4 Nxc3 19. Rxc3 Bxe4 20. Bxe4 Nd5 21.
Rcc1 Bxe5 22. fxe5 c4 23. h4 f5 24. Bd3 b5 25. a4 Qb6 26. Be2 a6 27. h5 g5 28.
h6 Ne7 29. axb5 axb5 30. Rfd1 f4 31. Kh2 fxg3+ 32. Qxg3 Rxd4 33. Qxg5+ Ng6 34.
Rf1 Rdf4 35. Kg2 Qe3 36. Rxf4 Rxf4 37. Qd8+ Rf8 38. Qd7 Qxe2+ 39. Kg1 Qe3+ 40.
Kg2 Rf2+ 41. Kh1 Qh3+ 0-1

[Event "15th LCC Super Rapid 2025"]
[Site "London ENG"]
[Date "2025.12.07"]
[Round "6.53"]
[White "Dasgupta, Avyukt"]
[Black "Clery, Liam"]
[Result "1-0"]
[WhiteTitle "CM"]
[WhiteElo "2145"]
[BlackElo "1779"]
[WhiteFideId "480630"]
[BlackFideId "343402879"]
[EventDate "2025.12.06"]

1. d4 Nf6 2. Nf3 e6 3. Bg5 h6 4. Bh4 g5 5. Bg3 d6 6. Nc3 Nh5 7. e4 Bg7 8. Bd3
Nc6 9. Ne2 O-O 10. c3 e5 11. dxe5 dxe5 12. h3 Nf4 13. Bxf4 exf4 14. Qc2 Qe7 15.
g3 Ne5 16. Nxe5 Qxe5 17. gxf4 gxf4 18. O-O-O f5 19. exf5 Bxf5 20. Bxf5 Qxf5 21.
Qxf5 Rxf5 22. Rd7 Re8 23. Rg1 Rg5 24. Rxg5 hxg5 25. Kd1 Be5 26. Ng1 Rc8 27. Nf3
Bf6 28. Rd5 c6 29. Rd7 Rd8 30. Rxd8+ Bxd8 31. Ke2 Kg7 32. Kd3 Kf6 33. Ke4 Bb6
34. Ne5 Ke6 35. f3 Bc7 36. Nd3 Bd6 37. Ne1 Kf6 38. Ng2 Kg6 39. h4 Kh5 40. hxg5
Kxg5 41. Ne1 Kh4 42. Nd3 Kg3 43. Nc1 Kf2 44. Nb3 Ke2 45. Na5 Kd1 46. Nxb7 Bc7
47. Nc5 Kc2 48. Nd3 c5 49. c4 Bd6 50. b3 Kb1 51. Kd5 Bb8 52. a4 Kc2 53. Nxc5 Kc3
54. Na6 1-0

[Event "15th LCC Super Rapid 2025"]
[Site "London ENG"]
[Date "2025.12.07"]
[Round "6.54"]
[White "Watson, Jacob"]
[Black "Gurevich, Artjom"]
[Result "0-1"]
[WhiteElo "1913"]
[BlackElo "2163"]
[WhiteFideId "445037"]
[BlackFideId "2603870"]
[EventDate "2025.12.06"]

1. e4 c6 2. d4 d5 3. exd5 cxd5 4. c4 Nf6 5. Nf3 e6 6. Nc3 Bb4 7. Bd3 dxc4 8.
Bxc4 O-O 9. O-O b6 10. Bg5 Bb7 11. a3 Be7 12. Qe2 h6 13. Bxf6 Bxf6 14. Rfd1 Re8
15. Bb5 Nc6 16. Qd2 a6 17. Ba4 b5 18. Bb3 Na5 19. Ba2 Rc8 20. Ne5 Nc4 21. Nxc4
bxc4 22. Qe2 Qc7 23. Ne4 Bxe4 24. Qxe4 Qb6 25. Rd2 Red8 26. Rad1 Rd5 27. Kh1 Rb5
28. Qe2 c3 29. bxc3 Rxc3 30. d5 Rxa3 31. dxe6 fxe6 32. Bxe6+ Kh8 33. Qe4 Rb4 34.
Qa8+ Qb8 35. Qd5 Rb1 36. Qe4 Raa1 37. Qe1 Qe5 38. Qg1 Rxd1 39. Rxd1 Rxd1 40.
Qxd1 Qxe6 0-1

[Event "15th LCC Super Rapid 2025"]
[Site "London ENG"]
[Date "2025.12.07"]
[Round "6.55"]
[White "Sanitt, Ethan"]
[Black "Kapechun, Mikhailo"]
[Result "1-0"]
[WhiteElo "2113"]
[BlackElo "2174"]
[WhiteFideId "427462"]
[BlackFideId "34147527"]
[EventDate "2025.12.06"]

1. c4 c5 2. g3 Nc6 3. Nc3 g6 4. Bg2 Bg7 5. Nf3 d6 6. O-O Rb8 7. d3 a6 8. a4 Nf6
9. Bg5 O-O 10. Ne1 Nb4 11. Nc2 Nxc2 12. Qxc2 Bd7 13. Ra2 h6 14. Bd2 Qc8 15. Rb1
Bc6 16. b4 Bxg2 17. Kxg2 h5 18. bxc5 Qxc5 19. Rab2 Ng4 20. Be1 h4 21. Rb4 hxg3
22. hxg3 Qh5 23. e3 Be5 24. d4 Bg7 25. Nd5 e6 26. Nf4 Qh2+ 27. Kf3 Nf6 28. Ke2
e5 29. dxe5 dxe5 30. Nd5 Qh5+ 31. Kf1 Qh1+ 32. Ke2 Nxd5 33. cxd5 Qxd5 34. Qb3
Qd7 35. a5 Rfd8 36. Rb6 e4 37. Kf1 Qh3+ 38. Kg1 Qd7 39. Qc4 Qd5 40. Qxd5 Rxd5
41. Kg2 Kh7 42. Rxa6 Be5 43. Rab6 Kg7 44. a6 Rd7 45. axb7 Bc7 46. Bc3+ Kg8 47.
Ra6 Bd6 48. Rxd6 Rxd6 49. Be5 Rdd8 50. Bxb8 Rxb8 51. Kh3 f5 52. Kh4 Kg7 53. Kg5
Rh8 54. b8=Q 1-0

[Event "15th LCC Super Rapid 2025"]
[Site "London ENG"]
[Date "2025.12.07"]
[Round "6.56"]
[White "Lau, Lut Yin Luke"]
[Black "Jackson, Sheila"]
[Result "0-1"]
[WhiteTitle "CM"]
[BlackTitle "WGM"]
[WhiteElo "2243"]
[BlackElo "2022"]
[WhiteFideId "6002226"]
[BlackFideId "402508"]
[EventDate "2025.12.06"]

1. e4 e5 2. Nc3 Nf6 3. a3 Nc6 4. d3 d5 5. Bg5 dxe4 6. Bxf6 Qxf6 7. Nd5 Qd6 8.
dxe4 Be6 9. Qd2 O-O-O 10. O-O-O f5 11. f3 Bxd5 12. Qxd5 Qh6+ 13. Kb1 Rxd5 14.
exd5 Nd8 15. Ne2 Bc5 16. Nc1 Qb6 17. Ka2 Nf7 18. b4 Be3 19. Nb3 Rd8 20. c4 Qg6
21. g3 c6 22. Bd3 e4 23. fxe4 fxe4 24. Bc2 cxd5 25. cxd5 Nd6 26. Rhe1 Qh6 27.
Re2 Bb6 28. Nc5 Nb5 29. Na4 Kb8 30. Bxe4 Bc7 31. Rc2 Be5 32. Rdc1 g6 33. Nc5 a6
34. d6 Nxd6 35. Bh1 Qe3 36. Rd1 Ka7 37. Rcd2 Qc3 38. Re2 Qc4+ 0-1

[Event "15th LCC Super Rapid 2025"]
[Site "London ENG"]
[Date "2025.12.07"]
[Round "6.57"]
[White "Patel, Devan"]
[Black "Pereslavtsev, Alexandr"]
[Result "0-1"]
[WhiteElo "1938"]
[BlackElo "2044"]
[WhiteFideId "447889"]
[BlackFideId "343401449"]
[EventDate "2025.12.06"]

1. d4 Nf6 2. Bf4 g6 3. Nc3 d5 4. e3 Bg7 5. h4 c6 6. Be2 h5 7. Nf3 Ng4 8. Qd2 Nd7
9. Ng5 e5 10. dxe5 Ngxe5 11. O-O-O O-O 12. e4 d4 13. Nb1 Nc5 14. f3 Qb6 15. a3
d3 16. b4 Nc4 0-1

[Event "15th LCC Super Rapid 2025"]
[Site "London ENG"]
[Date "2025.12.07"]
[Round "6.58"]
[White "Keerthi Kumar, Advait"]
[Black "Udovenko, Daniel"]
[Result "0-1"]
[WhiteElo "1968"]
[BlackElo "1927"]
[WhiteFideId "498033"]
[BlackFideId "30957508"]
[EventDate "2025.12.06"]

1. e4 c5 2. Nf3 d6 3. d4 Nf6 4. Nc3 cxd4 5. Nxd4 a6 6. Bc4 e6 7. a4 Be7 8. O-O
Qc7 9. Bb3 Nc6 10. Be3 Bd7 11. f3 Na5 12. Bf2 Rb8 13. Qd2 Nxb3 14. cxb3 b6 15.
Qd3 Qb7 16. b4 O-O 17. b5 a5 18. Rfd1 Rfc8 19. Rac1 Be8 20. f4 Bf8 21. f5 Qe7
22. Qf3 Rc4 23. Bg3 Rd8 24. Qe2 Rcc8 25. Re1 exf5 26. Nxf5 Qe6 27. Qf2 Qb3 28.
Re2 d5 29. e5 Ne4 30. Rxe4 dxe4 31. Nd6 Bxd6 32. exd6 Rc5 33. Re1 Bd7 34. Rxe4
Be6 35. h3 h6 36. Kh2 Rd7 37. Qd2 Rc4 38. Re3 Qb4 39. Rd3 Qc5 40. Bf2 Qe5+ 41.
Kg1 Rf4 42. Bxb6 Qf6 43. Bf2 Bc4 44. Rd4 Rxd4 45. Qxd4 Qxd4 46. Bxd4 Rxd6 47.
Bc5 Rd2 48. Bb6 Rxb2 49. Bxa5 Kf8 50. Bb6 Rc2 51. Bd4 Rd2 52. Bc5+ Ke8 53. Kh2
Kd7 54. a5 Bf1 55. Kg1 Bxb5 56. Nxb5 Rd5 0-1

[Event "15th LCC Super Rapid 2025"]
[Site "London ENG"]
[Date "2025.12.07"]
[Round "6.59"]
[White "Quilter, Thomas A"]
[Black "Batchelor, Mark"]
[Result "1/2-1/2"]
[WhiteTitle "CM"]
[WhiteElo "2162"]
[BlackElo "1814"]
[WhiteFideId "408530"]
[BlackFideId "343452213"]
[EventDate "2025.12.06"]

1. e4 e5 2. d4 exd4 3. Qxd4 Nc6 4. Qd3 Nf6 5. Nc3 Bb4 6. Bd2 O-O 7. O-O-O Re8 8.
Nge2 d6 9. h3 Ne5 10. Qg3 c6 11. Bg5 Ng6 12. f3 Nh5 13. Bxd8 Nxg3 14. Nxg3 Rxd8
15. Nh5 Be6 16. f4 f5 17. exf5 Bxf5 18. g4 Bd7 19. a3 Bc5 20. Re1 Re8 21. Bd3 d5
22. Kd2 Bf2 23. Re2 Rxe2+ 24. Nxe2 Re8 25. Rf1 Be3+ 26. Kd1 c5 27. b3 b5 28. f5
Ne5 29. f6 Rf8 30. Nxg7 Nxd3 31. cxd3 Bg5 32. Nh5 Kf7 33. Neg3 Kg6 34. Nf5 Bxf6
35. Nxf6 Rxf6 36. Ne7+ Kf7 37. Rxf6+ Kxf6 38. Nxd5+ Ke5 39. Nc3 b4 40. axb4 cxb4
41. Ne4 Be6 42. Nc5 Bd5 43. Kc2 a5 44. Nd7+ Kf4 45. Nf6 Bg2 46. Nxh7 Bxh3 47.
Nf6 Ke5 48. g5 Bf5 49. Ne4 Kf4 50. Nd6 Kxg5 51. Nc4 Kf4 52. Nxa5 Ke3 53. Nc4+
Kd4 54. Nb2 Bg6 55. Kd2 Bh7 56. Kc2 Bf5 57. Kd2 Bg6 58. Kc2 Bf5 59. Kd2 1/2-1/2

[Event "15th LCC Super Rapid 2025"]
[Site "London ENG"]
[Date "2025.12.07"]
[Round "6.60"]
[White "Ward, Cian"]
[Black "Lebedev, Lion"]
[Result "1-0"]
[WhiteElo "1909"]
[BlackElo "2066"]
[WhiteFideId "475599"]
[BlackFideId "551005492"]
[EventDate "2025.12.06"]

1. e4 e5 2. Nf3 Nc6 3. Bc4 Bc5 4. c3 Nf6 5. d3 d6 6. Nbd2 a5 7. O-O O-O 8. a4
Be6 9. Bb3 Bxb3 10. Qxb3 Qd7 11. Nc4 h6 12. Be3 Bxe3 13. Nxe3 Ne7 14. Nh4 d5 15.
exd5 Nexd5 16. Nxd5 Nxd5 17. Nf3 Rfe8 18. Rfe1 Qd6 19. d4 exd4 20. Nxd4 b6 21.
Qb5 Nf6 22. Rad1 Rad8 23. Qb3 Qf4 24. Qc2 Rxe1+ 25. Rxe1 c5 26. Nf3 g5 27. h3 h5
28. Qc1 Qxc1 29. Rxc1 g4 30. hxg4 hxg4 31. Ne5 Rd2 32. Nc4 Re2 33. Kf1 Re6 34.
Rd1 Kf8 35. Rd6 Rxd6 36. Nxd6 Nd5 37. c4 Ne7 38. Ke2 f5 39. Ke3 Kg7 40. Kf4 Kf6
41. Ne8+ Ke6 42. Ng7+ Kf6 43. Ne8+ Kf7 44. Nc7 Kf6 45. Nd5+ Nxd5+ 46. cxd5 c4
47. g3 Ke7 48. Ke5 c3 49. bxc3 Kd7 50. c4 1-0

[Event "15th LCC Super Rapid 2025"]
[Site "London ENG"]
[Date "2025.12.07"]
[Round "6.61"]
[White "Hammett, Scott"]
[Black "Sivanandan, Bodhana"]
[Result "0-1"]
[BlackTitle "WIM"]
[WhiteElo "1673"]
[BlackElo "2233"]
[WhiteFideId "1803948"]
[BlackFideId "497592"]
[EventDate "2025.12.06"]

1. d4 d5 2. e3 Nf6 3. f4 Bf5 4. Nf3 e6 5. Bd3 Bxd3 6. Qxd3 c6 7. O-O Bd6 8. Nbd2
O-O 9. c3 c5 10. Ne5 Qc7 11. Qe2 Nfd7 12. Rf3 f6 13. Ng4 Nc6 14. Nf1 cxd4 15.
exd4 e5 16. fxe5 fxe5 17. dxe5 Ndxe5 18. Nxe5 Nxe5 19. Rxf8+ Rxf8 20. Be3 Nc4
21. Bd4 Qe7 22. Qxe7 Bxe7 23. b3 Na3 24. Rd1 Nb5 25. a4 Nxd4 26. Rxd4 Bc5 27.
Ne3 Bxd4 28. cxd4 Rf4 29. Nxd5 Rxd4 30. Ne7+ Kf7 31. Nc8 a6 32. Nb6 Rb4 33. Nc8
Ke6 0-1

[Event "15th LCC Super Rapid 2025"]
[Site "London ENG"]
[Date "2025.12.07"]
[Round "6.62"]
[White "Yu, Rock"]
[Black "Morea, Georgiana-Steluta"]
[Result "1-0"]
[WhiteElo "2055"]
[BlackElo "1920"]
[WhiteFideId "489000"]
[BlackFideId "1204319"]
[EventDate "2025.12.06"]

1. e4 c5 2. Na3 a6 3. c4 Nc6 4. Nf3 d6 5. Be2 g6 6. d4 cxd4 7. Nxd4 Bg7 8. Be3
Nf6 9. f3 O-O 10. Qd2 Re8 11. O-O Qc7 12. Rab1 Nd7 13. Nac2 Nde5 14. Rfc1 Bd7
15. b3 Rad8 16. Bf1 Bc8 17. Qf2 Rd7 18. h3 Nd8 19. Nb4 e6 20. Rd1 Ndc6 21. Ndxc6
Nxc6 22. Bb6 Qb8 23. Nc2 Ne7 24. Ne3 Be5 25. f4 Bg7 26. g3 Nc6 27. Bg2 Ne7 28.
a4 Rf8 29. a5 f5 30. exf5 Nxf5 31. Nxf5 Rxf5 32. Be4 Rf8 33. Qe3 Kh8 34. Rf1
Rdf7 35. Qd3 e5 36. fxe5 Bxe5 37. Rxf7 Rxf7 38. Rf1 Be6 39. Rxf7 Bxf7 40. Qf3
Qe8 41. Bxb7 Qe7 42. Bxa6 Bg7 43. Bb7 Be6 44. Kh2 h5 45. a6 d5 46. Bxd5 Bxd5 47.
Qxd5 h4 48. Qd8+ 1-0

[Event "15th LCC Super Rapid 2025"]
[Site "London ENG"]
[Date "2025.12.07"]
[Round "6.63"]
[White "Witte, Phoebe"]
[Black "Acharya, Nikesh"]
[Result "1/2-1/2"]
[WhiteElo "1581"]
[BlackElo "1561"]
[WhiteFideId "1090500"]
[BlackFideId "343454771"]
[EventDate "2025.12.06"]

1. e4 e6 2. d4 d5 3. exd5 exd5 4. Bd3 c5 5. c3 Nc6 6. h3 Nf6 7. Nf3 cxd4 8. cxd4
h6 9. O-O Be7 10. Bf4 O-O 11. Re1 Bd6 12. Bxd6 Qxd6 13. Nbd2 Bd7 14. Nf1 Rfe8
15. Qd2 Ne4 16. Bxe4 dxe4 17. N3h2 Rad8 18. d5 Ne7 19. Rxe4 Nxd5 20. Rd4 Bc6 21.
Ne3 Qe6 22. Nxd5 Rxd5 23. Nf3 Rxd4 24. Nxd4 Qd5 25. Nf3 Qxd2 26. Nxd2 Re2 27.
Nc4 Bd5 28. Ne3 Be6 29. b3 a5 30. Kf1 Rd2 31. Ke1 Rd4 32. Rd1 1/2-1/2

[Event "15th LCC Super Rapid 2025"]
[Site "London ENG"]
[Date "2025.12.07"]
[Round "6.65"]
[White "Chandrashekhar, Druha"]
[Black "Manole, Stefan"]
[Result "0-1"]
[WhiteElo "1655"]
[BlackElo "2086"]
[WhiteFideId "495930"]
[BlackFideId "1203274"]
[EventDate "2025.12.06"]

1. e4 c6 2. d4 d5 3. exd5 cxd5 4. Bd3 Nf6 5. c3 g6 6. Bf4 Bg7 7. Nd2 Bf5 8. Bxf5
gxf5 9. Qb3 Qd7 10. Ngf3 Nc6 11. O-O-O e6 12. Qc2 Rc8 13. a3 Ne4 14. Nb3 O-O 15.
Bg3 a5 16. Nbd2 Qe7 17. Qa4 Qd8 18. Kb1 Qb6 19. Nxe4 fxe4 20. Nd2 Ne7 21. Nb3
Rc4 22. Qd7 Qxb3 23. Qxe7 Rxc3 24. Rc1 Rxc1+ 25. Rxc1 Qd3+ 26. Ka2 Qxd4 27. Rc2
b5 28. Qc5 Qd3 29. Bd6 Rd8 30. Be7 Re8 31. Bg5 b4 32. Rd2 b3+ 0-1